Ekonomika a organizace odvětví pro III. ročník středních ekonomických škol

Bibliographic Details
Main Authors: Horák, Rudolf (Author), Ansorge, Oldřich (Author)
Format: Book
Language:Czech
PhysicalDescription:187, [1] s. fotogr., obr., tab. 21 cm 5 voľ. príl.
Published: Praha Státní pedagogické nakladatelství 1964
Edition:2. upr. vyd.
Series:Učebnice odborných a středních odborných škol
Subjects:

MARC

LEADER 00000cam a2200000 a 4500
001 vtls001147808
003 SK-MaSNL
005 20260301194325.0
008 240314s1964 xr oal p 0 000 cze
035 |a SNK000090667 
040 |a SNK  |b slo  |c SNK  |e AACR2 
041 0 |a cze 
044 |a xr  |c CZ 
080 |a 33  |2 2001 
080 |a 330.5+338  |2 2001 
080 |a (075.3)  |2 2001 
100 1 |a Horák, Rudolf  |4 aut  |9 44310 
245 1 0 |a Ekonomika a organizace odvětví pro III. ročník středních ekonomických škol  |c [Rudolf Horák, Oldřich Ansorge] 
250 |a 2. upr. vyd. 
260 |a Praha  |b Státní pedagogické nakladatelství  |c 1964 
300 |a 187, [1] s.  |b fotogr., obr., tab.  |c 21 cm  |e 5 voľ. príl. 
366 |e 7 200 výt. 
490 1 |a Učebnice odborných a středních odborných škol 
650 0 7 |a ekonomika  |2 SNKPH  |9 789 
650 0 7 |a národné hospodárstvo  |2 SNKPH  |9 846 
655 7 |a učebnice stredných škôl  |2 SNKPH  |9 69323 
700 1 |a Ansorge, Oldřich  |4 aut  |9 574734 
830 0 |a Učebnice odborných a středních odborných škol  |9 286011 
852 |a Štátna vedecká knižnica v Banskej Bystrici 
958 |a OND 
999 |c 881413  |d 883343 
952 |t P60, <04>, [BOOK], {604}  |a SNK  |b SNK  |y VYP  |7 0  |p 17A0121372  |o snkIC 36868 D1  |0 0  |1 1  |4 0  |d 1998-02-16  |l 0  |r 2005-01-01 00:00:00  |w 2026-02-24